000 00473nam a2200169 i 4500
001 58349
003 ES-MaACL
005 20230906163803.0
007 t|
008 031022s1904 fr ||||1| fre d
100 1 _aLorrain, Jean.
_974232
245 1 0 _aPropos d'ames simples /
_cJean Lorrain.
250 _a7eme ed.
260 _aParis :
_bSociété d'Editions Litteraires et Artistiques,
_c1904 (
_fHemmerlé)
300 _a310 p. ;
_c19 cm.
852 _aES-MaACL
_jF-1369
999 _c58349
_d58349